| 000 | 00895aam a2200313 i 4500 | ||
|---|---|---|---|
| 001 | 768714001 | ||
| 003 | CO-MdFUSB | ||
| 005 | 20250429104718.0 | ||
| 007 | ta | ||
| 008 | 250429t1977 -us |||| |||| 00| 0 spa d | ||
| 040 | _cCO-MdFUSB | ||
| 041 | 0 | _aspa | |
| 082 | 0 | 4 |
_223 _a239 _bL6731c |
| 100 | 1 |
_aLewis, C. S. (1898-1963) _eautor |
|
| 240 | _aMere christianity | ||
| 245 | 1 | 0 |
_aCristianismo ... ¡y nada más! _c/ C. S. Lewis ; traducido por Julio Orozco |
| 264 | 1 |
_bCaribe, _aMiami, FL., USA : _c[1977] |
|
| 264 | 4 | _c©1977 | |
| 300 | _a213 páginas | ||
| 336 |
_atexto _btxt _2rdacontent |
||
| 337 |
_2rdamedia _asin mediación _bn |
||
| 338 |
_2rdacarrier _avolumen _bnc |
||
| 563 | _aRústico | ||
| 650 | 1 | 7 |
_aApologética _9187 |
| 650 | 1 | 7 |
_aTeología dogmática _2embne _96937 |
| 700 |
_aOrozco O., Julio C., _911153 _etraductor |
||
| 942 | _cBK | ||
| 945 | _aJTF-925 | ||
| 999 |
_c35280 _d35280 |
||